Esquema de la historia (Record no. 140807)

MARC details
000 -LEADER
campo de control de longitud fija 00734nam a2200205 i 4500
001 - NÚMERO DE CONTROL
campo de control 140807
003 - IDENTIFICADOR DE NÚMERO DE CONTROL
campo de control ES-MaACL
005 - FECHA Y HORA DE LA ÚLTIMA TRANSACCIÓN
campo de control 20250815062608.0
007 - CAMPO FIJO DE DESCRIPCIÓN FÍSICA--INFORMACIÓN GENERAL
campo de control de longitud fija t|
008 - DATOS DE LONGITUD FIJA--INFORMACIÓN GENERAL
campo de control de longitud fija 070917s1925 sp ||||1| spa d
100 0# - ENTRADA PRINCIPAL--NOMBRE DE PERSONA
Nombre de persona Wells, H. G.,
Fechas asociadas al nombre 1866-1946
9 (RLIN) 116458
245 10 - MENCIÓN DEL TÍTULO
Título Esquema de la historia
Resto del título : historia sencilla de la vida y de la humanidad /
Mención de responsabilidad, etc. por H. G. Wells ; [traducción de Enrique Diez Canedo y Ricardo Baeza].
260 ## - PUBLICACIÓN, DISTRIBUCIÓN, ETC.
Lugar de publicación, distribución, etc. [Madrid] :
Nombre del editor, distribuidor, etc. Atenea,
Fecha de publicación, distribución, etc. 1925 (
Fabricante Impr. Clásica Española)
300 ## - DESCRIPCIÓN FÍSICA
Extensión 2 v. ;
Dimensiones 28 cm.
650 #7 - PUNTO DE ACCESO ADICIONAL DE MATERIA--TÉRMINO DE MATERIA
Término de materia o nombre geográfico como elemento de entrada Historia universal
Fuente del encabezamiento o término embne
9 (RLIN) 13429
700 1# - ENTRADA AGREGADA--NOMBRE PERSONAL
Nombre de persona Díez-Canedo, Enrique,
Fechas asociadas al nombre 1879-1944
9 (RLIN) 44685
700 1# - ENTRADA AGREGADA--NOMBRE PERSONAL
Nombre de persona Baeza, Ricardo,
Fechas asociadas al nombre 1890-1956
9 (RLIN) 24620
852 ## - LOCALIZACIÓN
Ubicación ES-MaACL
Número de control de estantería B-3854-55
Holdings
Estatus retirado Estado de pérdida Estado de daño No para préstamo Biblioteca de origen Biblioteca actual Ubicación en estantería Fecha de adquisición Fuente de adquisición Total de préstamos Signatura topográfica completa Código de barras Visto por última vez Precio de reemplazo Tipo de ítem Koha
        Biblioteca del Ateneo de Madrid Biblioteca del Ateneo de Madrid Sala Pardo Bazán 17/01/2008     B-3854-55 1146521 23/02/2023 23/02/2023 Libro impreso